Áp dụng phương pháp phân hoạch để giải toán THPT

Một số kiến thức cơ bản về phân hoạch tập hợp và một số lý thuyết quan trọng liên quan đến phân hoạch. Phân hoạch nguyên. Phân hoạch tập hợp

Đã lưu trong:
书目详细资料
主要作者: Bùi Nguyên Sơn
其他作者: Trịnh Đào Chiến TS. (Hướng dẫn)
格式: 图书
语言:Vietnamese
出版: Đà Nẵng Đại học Đà Nẵng 2016
主题:
标签: 添加标签
没有标签, 成为第一个标记此记录!
Thư viện lưu trữ: Mạng thư viện Đại học Đà Nẵng
LEADER 01629nam a2200349 4500
001 000024407
003 20895
005 20161223091202.0
008 161208s2016 viesd
041 |a vie 
082 1 4 |a 511.32  |b BU-S 
100 1 |a Bùi Nguyên Sơn 
245 1 0 |a Áp dụng phương pháp phân hoạch để giải toán THPT  |c Bùi Nguyên Sơn ; Trịnh Đào Chiến hướng dẫn  |k Luận văn tốt nghiệp 
260 |a Đà Nẵng  |b Đại học Đà Nẵng  |c 2016 
300 |a 65 tr. ; phụ lục 3 tr.  |c 29 cm.  |e Tóm tắt 
500 |a Luận văn Thạc sĩ Khoa Học. Chuyên ngành : Phương pháp toán sơ cấp. Mã số: 60 46 01 13 
520 3 |a Một số kiến thức cơ bản về phân hoạch tập hợp và một số lý thuyết quan trọng liên quan đến phân hoạch. Phân hoạch nguyên. Phân hoạch tập hợp 
650 0 4 |a Phân hoạch tập hợp  |v Luận văn thạc sĩ  |x Giáo dục trung học 
653 |a Phân hoạch tập hợp 
653 |a Phương pháp phân hoạch 
653 |a Phương pháp toán sơ cấp 
700 1 |a Trịnh Đào Chiến  |c TS.  |e Hướng dẫn 
OWN |a LSP 
AVA |a UDN50  |b LSP  |d 511.32 BU-S  |e available  |t Error 5001 Not defined in file expand_doc_bib_avail.  |f 1  |g 0  |h N  |i 0  |k 1 
999 |a From the UDN01 
AVA |a UDN50  |b LSP  |d 511.32 BU-S  |e available  |t Error 5001 Not defined in file expand_doc_bib_avail.  |f 1  |g 0  |h N  |i 0  |k 1 
TYP |a Monograph 
TYP |a Printed language 
980 |a Mạng thư viện Đại học Đà Nẵng